00629nam a22001697a 4500003000200000005001700002008004100019020002200060050002300082100001800105245013200123260003200255300003100287504006300318650004200381650003600423020240110095221.0240110b xxu||||| |||| 00| 0 eng d a978-0-367-55822-2 aPN 4775b.B35 2022 aBaleria, Gina aThe journalism behind journalism : going beyond the basics to train effective journalists in a shifting landscapecGina Baleria aNew YorkbRoutledgecc2022. aviii, 272 pages ; c26cm.  aIncludes bibliographical references, glossary, and index.  aJournalism--handbooks, manuals, etc.  aJournalism--vocational guides.